| 000 | 00540nam a2200193Ia 4500 | ||
|---|---|---|---|
| 999 |
_c3663 _d3663 |
||
| 003 | OSt | ||
| 005 | 20200818100957.0 | ||
| 008 | 190216s9999||||xx |||||||||||||| ||und|| | ||
| 020 | _a9788122430622 | ||
| 040 | _coclc | ||
| 082 |
_a547 _bBAN/O |
||
| 100 |
_aBansal, Raj K _94092 |
||
| 245 | 0 |
_aOrganic Reaction Mechanisms / _cRaj K Bansal |
|
| 250 | _a4th Ed. | ||
| 260 |
_bNew Age International Publishers, _c2012. _aNew Delhi: |
||
| 300 | _a548p | ||
| 650 | _aChemistry | ||
| 942 |
_cBK _2ddc _h547 _iBAN/O _k547 _mBAN/O |
||